000 00606nam a2200217Ia 4500
001 3313
003 GE_BSU
008 181216s||||||||xx |||||||||||||| ||und||
040 _cGE_BSU
080 _a517(042)
100 _aМышкин,А.Д.
245 _aЛекции по высшей математике.
245 _cРед.Н.В.Воскресенская, А.П.Баева.
250 _aИзд третье.
260 _aМ.
260 _bНаука.
260 _c1969.
300 _a640 стр. с илл.
653 _aЛекции по высшей математике.
942 _cBK
999 _c37354
_d37354